[Event "CCA-ICC Open"]
[Site "Lake George USA"]
[Date "2005.05.13"]
[Round "4"]
[White "Kiriakov,P"]
[Black "De Firmian,N"]
[Result "1/2-1/2"]
[WhiteElo "2565"]
[BlackElo "2549"]

1.d4 d5 2.c4 Nc6 3.Nc3 dxc4 4.Nf3 Nf6 5.e3 Bg4 6.h3 Bxf3 7.Qxf3 e5 8.dxe5 Nxe5
9.Qxb7 Rb8 10.Qxa7 Bb4 11.Qa4+ Nfd7 12.Be2 Nd3+ 13.Bxd3 cxd3 14.O-O O-O 15.Bd2 Nc5
16.Qd1 Re8 17.Qg4 Rb6 18.Rad1 Bxc3 19.Bxc3 Rg6 20.Qf4 Ne4 21.f3 Nxc3 22.bxc3 Rc6
23.Qd4 Qxd4 24.cxd4 Rxe3 25.Rfe1 Rxe1+ 26.Rxe1 f5 27.Rd1 Rc3 28.f4 Ra3 29.Rd2 Kf7
30.d5 Ke7 31.Kf2 Kd6 32.Ke3 h5 33.g3 Kc5 34.Rxd3 Rxa2 35.Rc3+ Kxd5 36.Rxc7 Ra3+
37.Kf2 g6 38.Rg7  1/2-1/2

[Event "CCA-ICC Open"]
[Site "Lake George USA"]
[Date "2005.05.15"]
[Round "9"]
[White "De Firmian,N"]
[Black "Howell,D"]
[Result "0-1"]
[WhiteElo "2549"]
[BlackElo "2416"]

1.e4 e5 2.Nf3 Nc6 3.Bb5 a6 4.Ba4 Nf6 5.O-O Be7 6.Re1 b5 7.Bb3 O-O 8.a4 Bb7
9.d3 Re8 10.Nc3 b4 11.Nd5 Na5 12.Nxe7+ Qxe7 13.Ba2 d5 14.exd5 Qd6 15.c4 bxc3
16.bxc3 Bxd5 17.Ba3 c5 18.Qe2 Rad8 19.Rad1 Qc6 20.Nxe5 Qxa4 21.c4 Bxc4 22.Bxc4 Nxc4
23.dxc4 Rxd1 24.Qxd1 Qxa3 25.h3 Qc3 26.Re3 Qd4 27.Qb1 g6 28.Nc6 Qxc4 29.Ne7+ Kf8
30.Qb7 Qd4 31.Qc7 Qd7 32.Qf4 Rxe7 33.Qxf6 Rxe3 34.fxe3 Qe6 35.Qf3 Kg7 36.Kh1 h5
37.e4 Qe5 38.Qa3 c4 39.Qxa6 Qxe4 40.Qa5 Qd4 41.Qb4 Qa1+ 42.Kh2 Qe5+ 43.Kh1 c3
44.Qc4 Qe1+ 45.Kh2 Qd2 46.Qe4 c2 47.Qe5+ Kh7 48.Qc7 Kh6 49.Qb8 Kh7 50.Qc7 Qf2
51.Qc4 h4 52.Kh1 Qe1+ 53.Kh2 Qe5+ 54.Kh1 Qa1+  0-1

[Event "HB Global CC"]
[Site "Minneapolis USA"]
[Date "2005.05.19"]
[Round "2"]
[White "De Firmian,N"]
[Black "Hess,Ro"]
[Result "1-0"]
[WhiteElo "2549"]
[BlackElo "2278"]

1.e4 e5 2.Nf3 Nc6 3.Bb5 Nf6 4.O-O Nxe4 5.d4 Nd6 6.Bxc6 dxc6 7.dxe5 Nf5 8.Qxd8+ Kxd8
9.Nc3 h6 10.h3 Ne7 11.Ne4 Bf5 12.Re1 b6 13.g4 Bd7 14.Ng3 c5 15.Nh4 Nc6 16.c3 Be7
17.Ng2 Re8 18.f4 Kc8 19.Be3 Kb7 20.Rad1 Rad8 21.Rd2 a5 22.a3 a4 23.Bf2 Bc8
24.Rxd8 Bxd8 25.Ne4 Na5 26.Bg3 Kc6 27.Nd2 Be7 28.Ne3 Ba6 29.Nf3 Bd3 30.Kf2 Nb3
31.Nf5 Bf8 32.e6 fxe6 33.Ne5+ Kb7 34.Nxg7 Bxg7 35.Nxd3 c4 36.Ne5 Nc5 37.Kf3 Bxe5
38.Rxe5 Nd3 39.Re2 Kc6 40.g5 Kd5 41.Kg4 e5 42.g6 Ke6 43.fxe5 Rg8 44.Kh5 Kf5
45.Re3 Nxb2 46.e6 Nd1 47.Re5+ Kf6 48.e7 Re8 49.Re1 Nb2 50.Bh4+ Kg7 51.Rf1 Nd3
52.Rf7+ Kg8 53.Kxh6  1-0

[Event "HB Global CC"]
[Site "Minneapolis USA"]
[Date "2005.05.20"]
[Round "4"]
[White "De Firmian,N"]
[Black "Filippov,Va"]
[Result "0-1"]
[WhiteElo "2549"]
[BlackElo "2621"]

1.e4 c5 2.Nf3 Nc6 3.d4 cxd4 4.Nxd4 Nf6 5.Nc3 e5 6.Ndb5 d6 7.Bg5 a6 8.Na3 b5
9.Bxf6 gxf6 10.Nd5 f5 11.c3 Bg7 12.exf5 Bxf5 13.Nc2 Be6 14.Nce3 Ne7 15.a4 Nxd5
16.Nxd5 O-O 17.Be2 bxa4 18.Rxa4 a5 19.O-O Rb8 20.b4 axb4 21.cxb4 e4 22.b5 Qe8
23.Ne3 d5 24.f4 Qd8 25.Nc2 d4 26.Nxd4 Qb6 27.f5 Bc8 28.f6 Bxf6 29.Rxf6 Qxf6
30.Nc6 Rb6 31.Rxe4 Bb7 32.Rg4+ Kh8 33.Qd4 Qxd4+ 34.Nxd4 Rg6 35.g3 Rxg4 36.Bxg4 Rd8
37.Nb3 Kg7 38.Kf2 Kf6 39.Ke3 Ke7 40.Na5 Bd5 41.Nc6+ Bxc6 42.bxc6 Kd6 43.Bd7 Ra8
44.h3 Ra4 45.Kf3 h6 46.Ke3 f6 47.h4 Rb4 48.h5 Rc4 49.g4 Kc7 50.Kd3 Rc5 51.Be8 Rd5+
52.Ke3 Ra5 53.Bd7 Ra3+ 54.Kd2 Kd6 55.Ke2 Ke7 56.Kd2 Rg3 57.Ke2 Rg2+ 58.Kd3  0-1

[Event "HB Global CC"]
[Site "Minneapolis USA"]
[Date "2005.05.20"]
[Round "5"]
[White "Fernandez,D USA"]
[Black "De Firmian,N"]
[Result "1/2-1/2"]
[WhiteElo "2406"]
[BlackElo "2549"]

1.e4 c5 2.Nf3 d6 3.d4 cxd4 4.Nxd4 Nf6 5.Nc3 a6 6.Be3 e5 7.Nb3 Be6 8.f3 Nbd7
9.g4 Nb6 10.g5 Nh5 11.Qd2 Rc8 12.O-O-O Be7 13.Rg1 O-O 14.Kb1 Qc7 15.Qf2 Nc4
16.Bxc4 Qxc4 17.f4 exf4 18.Bxf4 Nxf4 19.Qxf4 a5 20.Nd4 Rc5 21.h4 a4 22.a3 b5
23.Qf1 Rb8 24.Qxc4 Rxc4 25.Nd5 Bd8 26.Ne3 Rxd4 27.Rxd4 Bb6 28.Rgd1 Bxd4 29.Rxd4 Rb6
30.e5 Kf8 31.exd6 Ke8 32.Nd5 Rxd6 33.Nc7+ Ke7 34.Nxb5 Ra6 35.Nc3 Bd7 36.Nd5+ Kd8
37.Rf4 Be8 38.c4 Re6 39.Kc2 h6 40.gxh6 Rxh6 41.Kc3 Rg6 42.Rd4 Rg3+ 43.Rd3 Rxd3+
44.Kxd3 f6 45.Kd4 g5 46.hxg5 fxg5 47.Nb4 Bh5 48.Ke5 Bd1 49.Nd5 Kd7 50.Nc3  1/2-1/2

[Event "HB Global CC"]
[Site "Minneapolis USA"]
[Date "2005.05.21"]
[Round "7"]
[White "Laylo,D"]
[Black "De Firmian,N"]
[Result "0-1"]
[WhiteElo "2344"]
[BlackElo "2549"]

1.c4 c5 2.Nc3 Nc6 3.g3 g6 4.Bg2 Bg7 5.e4 Nf6 6.Nge2 O-O 7.O-O Ne8 8.d3 Nc7
9.Be3 Ne6 10.f4 d6 11.Qd2 Ned4 12.Rab1 Rb8 13.b3 a6 14.h3 b5 15.Kh2 b4 16.Nd1 Nxe2
17.Qxe2 Nd4 18.Bxd4 Bxd4 19.Ne3 a5 20.Nc2 Bc3 21.Qe3 Qb6 22.f5 a4 23.h4 axb3
24.axb3 Kg7 25.Qf3 Bb7 26.Ne3 Bd4 27.Bh3 Ra8 28.Rf2 Qd8 29.Qf4 Be5 30.Qg4 Bd4
31.Qf4 Bc6 32.Rbf1 Bd7 33.Rg2 Be5 34.Qf3 Ra3 35.Rb1 e6 36.Kh1 gxf5 37.exf5 Qc8
38.Rf1 Bc6 39.f6+ Kh8 40.Qh5 Bd4 41.Nd5 Qa8 42.Ne7 Ra1 43.Rxa1 Qxa1+ 44.Kh2 Bxg2
45.Bxg2 Bg1+ 46.Kh1 Bf2+ 47.Kh2 Qxf6  0-1

[Event "HB Global CC"]
[Site "Minneapolis USA"]
[Date "2005.05.22"]
[Round "8"]
[White "De Firmian,N"]
[Black "Sadvakasov,D"]
[Result "1/2-1/2"]
[WhiteElo "2549"]
[BlackElo "2605"]

1.e4 e5 2.Nf3 Nc6 3.Bb5 a6 4.Ba4 Nf6 5.O-O Be7 6.Re1 b5 7.Bb3 d6 8.c3 O-O
9.h3 Na5 10.Bc2 c5 11.d4 Nd7 12.dxc5 dxc5 13.Nbd2 Re8 14.Nf1 Nc4 15.N3d2 Nd6
16.Ne3 Bb7 17.Nf5 Nf6 18.Nxe7+ Qxe7 19.Qf3 Qe6 20.g4 Rad8 21.Nf1 h5 22.Bg5 hxg4
23.hxg4 Rd7 24.Bxf6 Qxf6 25.Qxf6 gxf6 26.b3 Red8 27.f3 Ne8 28.Kf2 Nc7 29.Rad1 Rxd1
30.Rxd1 Rxd1 31.Bxd1 Bc8  1/2-1/2

[Event "National Open"]
[Site "Las Vegas USA"]
[Date "2005.06.10"]
[Round "2"]
[White "De Firmian,N"]
[Black "Schill,W"]
[Result "1-0"]
[WhiteElo "2549"]
[BlackElo "2305"]

1.e4 c5 2.Nf3 d6 3.d4 cxd4 4.Nxd4 Nf6 5.Nc3 Nc6 6.Bc4 Qb6 7.Ndb5 a6 8.Be3 Qa5
9.Nd4 e6 10.O-O Be7 11.Bb3 Qh5 12.f3 Na5 13.Qd2 Nxb3 14.axb3 Bd7 15.g4 Qg6
16.Kh1 h6 17.Rg1 Rc8 18.Nde2 Bc6 19.Rg2 Nd7 20.Nd4 Bf6 21.Rd1 Be7 22.Nce2 Qh7
23.c4 g5 24.Ng3 Nf6 25.Nxc6 Rxc6 26.Bd4 O-O 27.Qb4 b5 28.cxb5 axb5 29.Qxb5 Rfc8
30.Rgd2 Qg6 31.Qe2 e5 32.Bc3 h5 33.Nf5 Bf8 34.h3 Ne8 35.b4 Nc7 36.b5 Rxc3
37.bxc3 Ne6 38.Qe3 hxg4 39.hxg4 Nf4 40.b6  1-0

[Event "National Open"]
[Site "Las Vegas USA"]
[Date "2005.06.11"]
[Round "3"]
[White "Donaldson,J"]
[Black "De Firmian,N"]
[Result "1/2-1/2"]
[WhiteElo "2407"]
[BlackElo "2549"]

1.c4 b6 2.d4 Bb7 3.d5 e6 4.e4 Bb4+ 5.Bd2 Bxd2+ 6.Nxd2 Nh6 7.Ngf3 O-O 8.Bd3 d6
9.O-O Nd7 10.b4 c6 11.dxc6 Bxc6 12.Qe2 Bb7 13.h3 Qe7 14.Nb3 Kh8 15.a4 a5
16.bxa5 bxa5 17.Rfb1 Rfb8 18.Bc2 Ra6 19.Qd2 Qd8 20.c5 Qc7 21.Bd3 Raa8 22.cxd6 Qxd6
23.Bb5 Qxd2 24.Nfxd2 Ne5 25.f4  1/2-1/2

[Event "National Open"]
[Site "Las Vegas USA"]
[Date "2005.06.11"]
[Round "4"]
[White "De Firmian,N"]
[Black "Schneider,Dm"]
[Result "1-0"]
[WhiteElo "2549"]
[BlackElo "2466"]

1.e4 e5 2.Nf3 Nc6 3.Bb5 a6 4.Ba4 Nf6 5.O-O Nxe4 6.d4 b5 7.Bb3 d5 8.dxe5 Be6
9.Nbd2 Nc5 10.c3 d4 11.Bxe6 Nxe6 12.cxd4 Ncxd4 13.a4 Be7 14.Nxd4 Nxd4 15.Nb3 Ne6
16.Na5 Qxd1 17.Rxd1 Rd8 18.Be3 f6 19.axb5 axb5 20.Nc6 Rxd1+ 21.Rxd1 fxe5
22.Rd5 e4 23.Rxb5 Kd7 24.Nxe7 Kxe7 25.Rb4 Ra8 26.g3 Ra1+ 27.Kg2 Rb1 28.Rxe4 h5
29.Bd4 g6 30.Bc3 Kf7 31.Re3 Rc1 32.h4 Ng7 33.Bxg7  1-0

[Event "National Open Blitz Playoff"]
[Site "Las Vegas USA"]
[Date "2005.06.12"]
[Round "1.1"]
[White "Sharavdorj,D"]
[Black "De Firmian,N"]
[Result "1-0"]
[WhiteElo "2453"]
[BlackElo "2549"]

1.d4 Nf6 2.c4 e6 3.Nf3 c5 4.d5 exd5 5.cxd5 d6 6.Nc3 g6 7.e4 a6 8.h3 b5 9.Bd3 Bg7
10.O-O O-O 11.a3 Nbd7 12.Re1 Re8 13.Bf4 Qb6 14.Qd2 Bb7 15.Rac1 Rac8 16.b4 Ba8
17.Be3 Qb8 18.Bb1 Bb7 19.Bf4 Ba8 20.Bd3 Qb6 21.Bh6 Bh8 22.Nh2 Ne5 23.Bf1 cxb4
24.axb4 Nc4 25.Qa2 Bb7 26.Rc2 Nd7 27.Na4 bxa4 28.Bxc4 Ne5 29.Qxa4 Re7 30.Be3 Qd8
31.Bf1 Rxc2 32.Qxc2 Rc7 33.Qa4 Qc8 34.Qa5 Bg7 35.Qb6 Nd7 36.Qa5 h5 37.Nf3 Rc2
38.Nd4 Rc3 39.Nc6 Bxc6 40.dxc6 Rxc6 41.Rd1 Qb7 42.Qd8+ Kh7 43.Qe7 Rc7 44.Qxd6 Be5
45.Qd5 Qxb4 46.Qxf7+ Bg7 47.Rxd7 Rxd7 48.Qxd7 Kg8 49.Qc8+ Kf7 50.Qxa6 Qe7
51.Qc6 Bf6 52.Qd5+ Kg7 53.Bc4 Qf8 54.Qe6 Kh7 55.e5 Bg7 56.Qf7 Qxf7 57.Bxf7 Bxe5
58.Kf1 h4 59.Ke2  1-0

[Event "Politiken Cup"]
[Site "Copenhagen DEN"]
[Date "2005.07.16"]
[Round "1"]
[White "Petersen,N"]
[Black "De Firmian,N"]
[Result "0-1"]
[WhiteElo "2012"]
[BlackElo "2555"]

1.c4 c5 2.Nc3 Nc6 3.g3 g6 4.Bg2 Bg7 5.Nf3 d6 6.d3 a6 7.O-O Rb8 8.Be3 Nh6
9.Bxh6 Bxh6 10.d4 cxd4 11.Nxd4 Ne5 12.Nf3 Nxf3+ 13.Bxf3 O-O 14.Qd3 Bg7 15.Rac1 b5
16.b4 bxc4 17.Qxc4 e6 18.Rfd1 d5 19.Qb3 Qe7 20.a3 Bd7 21.Na4 Bb5 22.Nc5 a5
23.Rb1 axb4 24.axb4 Bc4 25.Qa4 Bb5 26.Qa5 h5 27.h4 Rfd8 28.e3 Bc4 29.Nd3 Rb5
30.Qa3 Rdb8 31.Nc5 Bf8 32.e4 Qe8 33.Nd3 dxe4 34.Bxe4 Bxd3 35.Qxd3 Bxb4 36.Qd7 Qf8
37.Bc6 R5b6 38.Qc7 Bd6 39.Qxb6 Rxb6 40.Rxb6 Bxg3 41.Bf3 Bxf2+  0-1

[Event "Politiken Cup"]
[Site "Copenhagen DEN"]
[Date "2005.07.17"]
[Round "2"]
[White "De Firmian,N"]
[Black "Skjoldan,B"]
[Result "1-0"]
[WhiteElo "2555"]
[BlackElo "2147"]

1.e4 c5 2.Nf3 e6 3.d4 cxd4 4.Nxd4 a6 5.Nc3 b5 6.Bd3 Qb6 7.Nb3 Qc7 8.O-O Be7
9.Qg4 g6 10.Qe2 Bb7 11.Be3 Nf6 12.Bh6 d6 13.f4 Nbd7 14.Rae1 b4 15.Nd1 Bf8
16.Bxf8 Kxf8 17.Nf2 Kg7 18.e5 Nd5 19.exd6 Qxd6 20.Ne4 Qb6+ 21.Kh1 Rac8 22.Nbd2 Nc5
23.Nc4 Qa7 24.Ncd6 Nxe4 25.Nxc8 Ng3+ 26.hxg3 Rxc8 27.Qe5+ Kg8 28.g4 b3 29.cxb3 Rc5
30.Qd6 Nf6 31.Qd8+ Kg7 32.g5 Ng4 33.Qd4+ e5 34.fxe5 Bxg2+ 35.Kg1 Bxf1 36.e6+ f6
37.Qd7+  1-0

[Event "Politiken Cup"]
[Site "Copenhagen DEN"]
[Date "2005.07.17"]
[Round "3"]
[White "Petersen,SoB"]
[Black "De Firmian,N"]
[Result "1-0"]
[WhiteElo "2217"]
[BlackElo "2555"]

1.e4 c5 2.c3 Nf6 3.e5 Nd5 4.Nf3 d6 5.d4 cxd4 6.Qxd4 e6 7.Nbd2 Bd7 8.Nc4 Nc6
9.Qg4 dxe5 10.Ncxe5 Nf6 11.Qh3 Bd6 12.Bf4 Nd5 13.Nxf7 Nxf4 14.Nxd6+ Kf8 15.Qg3 Nh5
16.Qg4 Nf6 17.Qg5 Qe7 18.O-O-O e5 19.Bc4 e4 20.Rhe1 h6 21.Qg6 Be8 22.Nxe8 Qxe8
23.Qg3 Na5 24.Bd5 Nxd5 25.Rxd5 Qa4 26.Qd6+ Kg8 27.Qe6+ Kh7 28.Qf5+ Kg8 29.Rxa5  1-0

[Event "Politiken Cup"]
[Site "Copenhagen DEN"]
[Date "2005.07.18"]
[Round "4"]
[White "De Firmian,N"]
[Black "Munksgerd,D"]
[Result "1-0"]
[WhiteElo "2555"]
[BlackElo "2127"]

1.e4 e5 2.Nf3 Nc6 3.Bb5 a6 4.Ba4 Nf6 5.O-O Be7 6.Re1 b5 7.Bb3 O-O 8.h3 d6
9.c3 Na5 10.Bc2 c5 11.d4 Qc7 12.Nbd2 Bd7 13.Nf1 Rac8 14.d5 Ne8 15.N3h2 f5
16.exf5 Bxf5 17.Bxf5 Rxf5 18.Ng3 Rf7 19.b3 g6 20.Ng4 Bf8 21.Ne4 Bg7 22.Be3 Nb7
23.a4 Nd8 24.axb5 axb5 25.Qd2 Rf8 26.Ra6 Nf7 27.Rea1 h5 28.Ra7 hxg4 29.Rxc7 Rxc7
30.hxg4 Nf6 31.Nxf6+ Bxf6 32.Qd3 Kg7 33.Qxb5 e4 34.Qc4 Rb8 35.Ra3 Rcb7 36.g3 Ne5
37.Qxe4 Rxb3 38.Rxb3 Rxb3 39.g5 Bd8 40.Bxc5 Rxc3 41.Bd4 Rc1+ 42.Kg2  1-0

[Event "Politiken Cup"]
[Site "Copenhagen DEN"]
[Date "2005.07.19"]
[Round "5"]
[White "De Firmian,N"]
[Black "Forsaa,E"]
[Result "1-0"]
[WhiteElo "2555"]
[BlackElo "2040"]

1.e4 c5 2.Nf3 e6 3.d4 cxd4 4.Nxd4 a6 5.Nc3 Qc7 6.Bd3 Bb4 7.O-O Nf6 8.Bd2 Be7
9.Qe2 d6 10.f4 O-O 11.Kh1 Nfd7 12.Rf3 Nc6 13.Be3 Re8 14.Raf1 Bf6 15.Nxc6 bxc6
16.e5 dxe5 17.fxe5 Qxe5 18.Ne4 c5 19.Bf4 Qh5 20.Nd6 Rf8 21.Qe4 Rb8 22.Rh3 Qg6
23.Qe2  1-0

[Event "Politiken Cup"]
[Site "Copenhagen DEN"]
[Date "2005.07.20"]
[Round "6"]
[White "Sigfusson,S"]
[Black "De Firmian,N"]
[Result "1/2-1/2"]
[WhiteElo "2344"]
[BlackElo "2555"]

1.e4 c5 2.Nf3 d6 3.d4 cxd4 4.Nxd4 Nf6 5.Nc3 a6 6.Bc4 e6 7.Bb3 Nbd7 8.f4 Nc5
9.Qf3 b5 10.f5 e5 11.Nde2 Nxb3 12.axb3 b4 13.Nd5 Nxd5 14.exd5 Be7 15.O-O O-O
16.Ng3 Bb7 17.Ra4 Qb6+ 18.Be3 Qb5 19.c4 bxc3 20.f6 Bxf6 21.Nh5 Bd8 22.Rg4 f5
23.Rxg7+ Kh8 24.Qh3 Qxf1+ 25.Kxf1 cxb2 26.Rxh7+ Kxh7 27.Nf4+ Kg8 28.Qg3+ Kh7
29.Qg6+ Kh8 30.Qh6+  1/2-1/2

[Event "Politiken Cup"]
[Site "Copenhagen DEN"]
[Date "2005.07.21"]
[Round "7"]
[White "De Firmian,N"]
[Black "Bleis,C"]
[Result "1-0"]
[WhiteElo "2555"]
[BlackElo "2271"]

1.e4 c5 2.Nf3 d6 3.d4 cxd4 4.Nxd4 Nf6 5.Nc3 g6 6.Be3 Bg7 7.f3 O-O 8.Qd2 Nc6
9.O-O-O Bd7 10.g4 Ne5 11.Kb1 Rc8 12.h4 Qa5 13.Be2 Be6 14.Nb3 Qc7 15.h5 b5
16.Nxb5 Qb7 17.N5d4 Bc4 18.Na5 Qa6 19.Nxc4 Nxc4 20.Bxc4 Rxc4 21.hxg6 hxg6
22.c3 Rb8 23.Bh6 Bh8 24.Bf8 Rxf8 25.Rxh8+ Kxh8 26.Qh6+ Kg8 27.Rh1 Nh5 28.Rxh5 gxh5
29.Nf5 hxg4 30.Nxe7+  1-0

[Event "Politiken Cup"]
[Site "Copenhagen DEN"]
[Date "2005.07.22"]
[Round "8"]
[White "Vul,A"]
[Black "De Firmian,N"]
[Result "1/2-1/2"]
[WhiteElo "2425"]
[BlackElo "2555"]

1.Nf3 c5 2.c4 Nc6 3.d4 cxd4 4.Nxd4 Nf6 5.Nc3 e6 6.Ndb5 Bb4 7.Bf4 O-O 8.Bc7 Qe7
9.Bd6 Bxd6 10.Qxd6 Qd8 11.e4 Ne8 12.Qd2 a6 13.Nd6 Qc7 14.Rd1 Ne5 15.Be2 f6
16.O-O b6 17.f4 Qc5+ 18.Qd4 Qxd4+ 19.Rxd4 Nc6  1/2-1/2

[Event "Politiken Cup"]
[Site "Copenhagen DEN"]
[Date "2005.07.23"]
[Round "9"]
[White "De Firmian,N"]
[Black "Cech,P"]
[Result "1-0"]
[WhiteElo "2555"]
[BlackElo "2416"]

1.e4 e6 2.d4 d5 3.Nc3 Bb4 4.e5 c5 5.a3 Bxc3+ 6.bxc3 Ne7 7.Nf3 b6 8.Bb5+ Bd7
9.a4 Bxb5 10.axb5 Nd7 11.O-O O-O 12.Qd3 c4 13.Qe2 a6 14.bxa6 Qc8 15.Ng5 Rxa6
16.Rb1 Ra2 17.Be3 Qc6 18.Rbc1 Qa4 19.Qd1 Nf5 20.Bd2 Ne7 21.Re1 h6 22.Nh3 Ng6
23.f4 f5 24.exf6 Rxf6 25.Nf2 Ndf8 26.Ng4 Rf7 27.Rf1 h5 28.f5 hxg4 29.fxg6 Rxf1+
30.Kxf1 Nxg6 31.Qxg4 Rxc2 32.Qxe6+ Kh7 33.Rd1 Rxc3 34.Re1 Rd3 35.Qxd5 Qc2
36.Qh5+ Kg8 37.Re8+ Kf7 38.Qe2 Qb1+ 39.Be1 Nf4 40.Qe7+ Kg6 41.Qe4+ Kf7 42.Re7+ Kf8
43.Rc7  1-0

[Event "ch-New York State"]
[Site "Monticello USA"]
[Date "2005.09.03"]
[Round "2"]
[White "De Firmian,N"]
[Black "Feuerstein,A"]
[Result "1-0"]
[WhiteElo "2555"]
[BlackElo "2152"]

1.e4 c5 2.Nf3 e6 3.d4 cxd4 4.Nxd4 a6 5.Nc3 b5 6.Bd3 Bb7 7.O-O b4 8.Na4 Qc7
9.c3 Nf6 10.Qe2 Nc6 11.f4 Qa5 12.Bc2 Rc8 13.Be3 bxc3 14.Nxc3 Nxd4 15.Bxd4 Bc5
16.Bxc5 Qxc5+ 17.Rf2 h5 18.h3 h4 19.Rd1 Nh5 20.Qg4 Qe7 21.Ba4 Nf6 22.Qxg7 Rh7
23.Qg5 Rh5 24.Rxd7 Qxd7 25.Bxd7+ Ke7 26.Bxc8 Bxc8 27.e5 Rxg5 28.exf6+ Kxf6
29.fxg5+  1-0

[Event "ch-New York State"]
[Site "Monticello USA"]
[Date "2005.09.04"]
[Round "3"]
[White "Sarkar,J"]
[Black "De Firmian,N"]
[Result "1-0"]
[WhiteElo "2382"]
[BlackElo "2555"]

1.d4 Nf6 2.c4 c5 3.d5 e6 4.Nc3 exd5 5.cxd5 d6 6.e4 g6 7.f4 Bg7 8.Bb5+ Nfd7
9.a4 Qh4+ 10.g3 Qd8 11.Nf3 O-O 12.O-O a6 13.Bd3 Re8 14.Re1 Nf8 15.Kg2 Bg4
16.h3 Bxf3+ 17.Qxf3 Nbd7 18.Bd2 Rc8 19.b3 Nb6 20.a5 Na8 21.Bc4 Nc7 22.Ra2 Nd7
23.Qd3 Rb8 24.Na4 Bd4 25.b4 Qf6 26.bxc5 Nxc5 27.Nxc5 Bxc5 28.Bc3 Qe7 29.Rae2 Nb5
30.Bxb5 axb5 31.Qxb5 f6 32.e5 fxe5 33.fxe5 Qf7 34.e6 Qf5 35.Qd7 Qxd5+ 36.Re4  1-0

[Event "National Chess Congress"]
[Site "Philadelphia USA"]
[Date "2005.11.26"]
[Round "4"]
[White "De Firmian,N"]
[Black "Schneider,Ig"]
[Result "*"]
[WhiteElo "2552"]
[BlackElo "2350"]

1.e4 e6 2.d4 d5 3.Nc3 Nf6 4.Bg5 dxe4 5.Nxe4 Be7 6.Bxf6 Bxf6 7.Nf3 Nd7 8.Qd2 O-O
9.O-O-O b6 10.d5 Nc5 11.Nxc5 bxc5 12.Be2 Rb8 13.b3 e5 14.Qd3 Qd6 15.Nd2 Bf5  *

[Event "National Chess Congress"]
[Site "Philadelphia USA"]
[Date "2005.11.27"]
[Round "5"]
[White "Ehlvest,J"]
[Black "De Firmian,N"]
[Result "1/2-1/2"]
[WhiteElo "2618"]
[BlackElo "2552"]

1.e4 c5 2.Nf3 d6 3.d4 cxd4 4.Nxd4 Nf6 5.Nc3 a6 6.Be3 e5 7.Nb3 Be6 8.Qd2 Nbd7
9.f3 b5 10.O-O-O Be7 11.g4 Nb6 12.g5 Nfd7 13.Kb1 O-O 14.h4 Qc7 15.h5 Nc4
16.Bxc4 bxc4 17.Nc1 Rab8 18.g6 Qb7 19.b3 cxb3 20.axb3 fxg6 21.hxg6 hxg6 22.Qg2 g5
23.Rdg1 Rf4 24.Nd5 Bxd5 25.exd5 Qxd5 26.Bxf4 exf4 27.Qh3 Nf8 28.Rd1 Qa5 29.Qf1 d5
30.Qe2 Qa3 31.Qe5 Rb5 32.Rxd5 Bf6 33.Rxb5 Bxe5 34.Rxe5 Qd6  1/2-1/2

[Event "ch-Marshall CC"]
[Site "New York USA"]
[Date "2005.12.11"]
[Round "4"]
[White "Hess,Ro"]
[Black "De Firmian,N"]
[Result "0-1"]
[WhiteElo "2328"]
[BlackElo "2552"]

1.e4 c5 2.Nc3 d6 3.g3 Nc6 4.Bg2 g6 5.d3 Bg7 6.f4 e5 7.Nf3 Nge7 8.O-O O-O
9.Be3 Nd4 10.fxe5 dxe5 11.Ne2 Qd6 12.Qd2 Be6 13.Bxd4 cxd4 14.c3 dxc3 15.bxc3 Rad8
16.Rfd1 Nc6 17.Rab1 b6 18.a4 Na5 19.Rb4 Rfe8 20.Qc2 Bh6 21.h4 Nc4 22.Nc1 Ne3
23.Qd2 Qc5 24.d4 exd4 25.cxd4 Nxd1 26.Qxh6 Qxb4 27.Ng5 Qxd4+  0-1

[Event "ch-Marshall CC"]
[Site "New York USA"]
[Date "2005.12.17"]
[Round "6"]
[White "De Firmian,N"]
[Black "Ibragimov,I"]
[Result "1/2-1/2"]
[WhiteElo "2552"]
[BlackElo "2617"]

1.e4 e6 2.d4 d5 3.Nc3 Bb4 4.e5 c5 5.a3 Bxc3+ 6.bxc3 Ne7 7.Nf3 h6 8.a4 Qc7
9.Bd3 b6 10.O-O Ba6 11.a5 Bxd3 12.axb6 axb6 13.Rxa8 Bxf1 14.Qxf1 O-O 15.Qd3 Nec6
16.Qb5 Rc8 17.dxc5 bxc5 18.Qxc5 Nd7 19.Qd6 Qb7 20.Rxc8+ Qxc8 21.Be3 Na5 22.Bd4 Nc4
23.Qb4 Nb8 24.g3 Nc6 25.Qc5 Qa6 26.Kg2 Qa4 27.g4 Nxd4 28.cxd4 Qxc2 29.Qe7 Ne3+
30.Kg3 Nd1 31.Qe8+ Kh7 32.Qxf7 Qxf2+ 33.Kh3 Qf1+ 34.Kg3 Ne3 35.Kf4 Ng2+ 36.Kg3 Ne3
37.Kf4 Ng2+  1/2-1/2

[Event "ch-USA GpA"]
[Site "San Diego USA"]
[Date "2006.03.02"]
[Round "1"]
[White "De Firmian,N"]
[Black "Kleiman,J"]
[Result "1-0"]
[WhiteElo "2547"]
[BlackElo "2279"]

1.e4 c5 2.Nf3 e6 3.Nc3 a6 4.g3 b5 5.Bg2 Bb7 6.d3 d6 7.O-O Be7 8.Re1 Nf6 9.a4 b4
10.Nb1 Nfd7 11.d4 cxd4 12.Qxd4 Nf6 13.Qxb4 Bxe4 14.Rxe4 d5 15.Qb7 dxe4 16.Qxa8 Qd1+
17.Bf1 Qxc1 18.Qxb8+ Bd8 19.Nfd2 O-O 20.Nb3 Qxc2 21.Na3 Qxb2 22.Nc4 Qc3 23.Rc1 Qf3
24.Ne5 Qh5 25.Rc8 Qd1 26.Nc6 e3 27.Rxd8 exf2+ 28.Kg2  1-0

[Event "ch-USA GpA"]
[Site "San Diego USA"]
[Date "2006.03.08"]
[Round "6"]
[White "Gurevich,D"]
[Black "De Firmian,N"]
[Result "1/2-1/2"]
[WhiteElo "2503"]
[BlackElo "2547"]

1.Nf3 c5 2.c4 Nc6 3.d4 cxd4 4.Nxd4 Nf6 5.Nc3 e6 6.Ndb5 d5 7.Bf4 e5 8.cxd5 exf4
9.dxc6 bxc6 10.Qxd8+ Kxd8 11.Rd1+ Bd7 12.Nd6 Bxd6 13.Rxd6 Rb8 14.Rd2 Re8
15.f3 Kc7 16.g3 Nh5 17.Kf2 Re5 18.Bg2 Be6 19.Rc1 h6 20.b3 Rc5 21.e3 fxe3+
22.Kxe3 Nf6 23.Rd4 Rxc3+ 24.Rxc3 Nd5+ 25.Rxd5 Bxd5 26.Bf1 Re8+ 27.Kd2 Kd6
28.Bc4 a5 29.Bxd5 cxd5 30.Re3 Rc8  1/2-1/2

[Event "Foxwoods Open"]
[Site "Ledyards USA"]
[Date "2006.04.16"]
[Round "9"]
[White "Shabalov,A"]
[Black "De Firmian,N"]
[Result "1-0"]
[WhiteElo "2605"]
[BlackElo "2560"]

1.e4 c5 2.Nf3 d6 3.d4 cxd4 4.Nxd4 Nf6 5.Nc3 a6 6.Be3 e5 7.Nb3 Be6 8.Qd2 Be7
9.f3 O-O 10.O-O-O Nbd7 11.g4 b5 12.g5 b4 13.Ne2 Ne8 14.f4 a5 15.f5 a4 16.Nbd4 exd4
17.Nxd4 b3 18.Kb1 bxc2+ 19.Nxc2 Bb3 20.axb3 axb3 21.Na3 Ne5 22.h4 Ra4 23.h5 Qa8
24.h6 Qxe4+ 25.Bd3 Nxd3 26.Qxd3 f6 27.g6 hxg6 28.fxg6 f5 29.Nb5 Qxd3+ 30.Rxd3 Rg4
31.Nc3 Rxg6 32.Nd5 Bf6 33.Rxb3 gxh6 34.Bxh6 Ng7 35.Bf4 Bd8 36.Rb7 Re8 37.Rd7 Rge6
38.b4 Bf6 39.Kc2 Be5 40.Bxe5  1-0

[Event "National Open"]
[Site "Las Vegas USA"]
[Date "2006.06.17"]
[Round "4"]
[White "De Firmian,N"]
[Black "Izoria,Z"]
[Result "1/2-1/2"]
[WhiteElo "2560"]
[BlackElo "2647"]

1.e4 c5 2.Nf3 d6 3.d4 cxd4 4.Nxd4 Nf6 5.Nc3 a6 6.f4 e6 7.a4 Nc6 8.Be2 Be7
9.Be3 O-O 10.O-O Bd7 11.Nb3 Na5 12.e5 Ne8 13.Nxa5 Qxa5 14.Ne4 Qc7 15.a5 d5
16.Bb6 Qc8 17.Ng5 g6 18.Nf3 Ng7 19.Kh1 Bc5 20.Bxc5 Qxc5 21.Nd4 Bb5 22.c3 Bxe2
23.Qxe2 Qe7 24.Rf3 h5 25.Re3 Rac8  1/2-1/2

[Event "National Open"]
[Site "Las Vegas USA"]
[Date "2006.06.18"]
[Round "6"]
[White "De Firmian,N"]
[Black "Mikhalevski,V"]
[Result "1/2-1/2"]
[WhiteElo "2560"]
[BlackElo "2566"]

1.e4 e5 2.Nf3 Nc6 3.Bb5 Nf6 4.O-O Nxe4 5.d4 a6 6.Ba4 b5 7.Bb3 d5 8.dxe5 Be6
9.Nbd2 Be7 10.c3 O-O 11.Bc2 f5 12.exf6 Nxf6 13.h3 Qd7 14.Re1 Bd6 15.Nf1 Bf5
16.Bxf5 Qxf5 17.Ne3 Qh5 18.Ng4 Kh8 19.a4 Nxg4 20.hxg4 Qxg4 21.axb5 axb5 22.Rxa8 Rxa8
23.Qxd5 Qc4 24.Qh5 Rf8 25.Ng5 Qg8 26.Re4 Ne7 27.Qe2 h6 28.Ne6 Ra8 29.Bf4 Bxf4
30.Nxf4 Nf5 31.Re5 Qf7 32.Qxb5 Nd6 33.Qb4 Ra1+ 34.Kh2 Qf6 35.Qd4 Qh4+ 36.Nh3 Qxd4
37.cxd4 Rb1 38.Rc5 Ne8 39.Rb5 Kg8 40.Nf4 Nd6 41.Rb8+ Kf7 42.f3 Rd1 43.d5 g5
44.Ne6 Rxd5 45.Nxc7 Rd2 46.b4 Nf5 47.b5 Ne3 48.b6 Rxg2+ 49.Kh1 Rb2 50.b7 Nf5
51.Na6 Nd6 52.Nc5 Nxb7 53.Rxb7+ Rxb7 54.Nxb7 g4 55.f4 h5 56.Nc5 Kf6 57.Kg2 Kf5
58.Nd3 h4 59.Kg1 g3 60.Kg2  1/2-1/2

[Event "34th World Open"]
[Site "Philadelphia USA"]
[Date "2006.07.03"]
[Round "6"]
[White "De Firmian,N"]
[Black "Mac Intyre,P"]
[Result "1/2-1/2"]
[WhiteElo "2560"]
[BlackElo "2298"]

1.e4 e5 2.Nf3 Nc6 3.Bb5 a6 4.Ba4 Nf6 5.O-O Nxe4 6.d4 b5 7.Bb3 d5 8.dxe5 Be6
9.Nbd2 Be7 10.c3 Qd7 11.Re1 Nc5 12.Bc2 Bg4 13.Nf1 Rd8 14.h3 Bh5 15.Be3 O-O
16.g4 Bg6 17.Ng3 Bxc2 18.Qxc2 g6 19.Rad1 Rfe8 20.Nd4 Nxd4 21.cxd4 Ne6  1/2-1/2

[Event "Open"]
[Site "Kavala GRE"]
[Date "2006.07.04"]
[Round "1"]
[White "De Firmian,N"]
[Black "Kokolias,K"]
[Result "1-0"]
[WhiteElo "2559"]
[BlackElo "2188"]

1.e4 c6 2.d4 d5 3.Nc3 dxe4 4.Nxe4 Bf5 5.Ng3 Bg6 6.h4 h6 7.Nf3 Nd7 8.h5 Bh7
9.Bd3 Bxd3 10.Qxd3 Ngf6 11.Bf4 Qa5+ 12.Bd2 Qc7 13.O-O-O e6 14.Ne4 O-O-O 15.g3 Nxe4
16.Qxe4 Bd6 17.c4 c5 18.Bc3 Nf6 19.Qe2 cxd4 20.Bxd4 Rd7 21.Ne5 Bxe5 22.Bxe5 Qa5
23.a3 Rhd8 24.Rxd7 Nxd7 25.Bc3 Qg5+ 26.Qd2 Qxd2+ 27.Kxd2 Nc5+ 28.Kc2 f6 29.Re1 e5
30.f4 exf4 31.gxf4 Na4 32.Bb4 Rd4 33.Re8+ Kc7 34.Re7+ Kc6 35.b3 Rxf4 36.bxa4 Rxc4+
37.Kd3 Rh4 38.Rxg7 Rxh5 39.Rg6 Kd5 40.Rxf6 Rh3+ 41.Kc2 h5 42.a5 Rg3 43.Rf5+ Kc4
44.Rc5+ Kd4 45.Rxh5 Rg2+ 46.Kb3 Rg3+ 47.Ka4 Rg7 48.Bc5+  1-0